000 00773nam a22002417a 4500
005 20220329142519.0
008 010822d1999 mx ad r 00110 spa d
010 _a84510
011 _a85482
035 _a96015
090 _aTesis
100 0 0 _aVidal Hernández, Librado.
_9119231
245 1 0 _aRelaciones anatómicas y compatibilidad del guanábano (Annona muricata L.) "
_c/por
260 _aChapingo, Méx. :
_bEl autor,
_c2001.
300 _bilus. ; gráfs. ; cuadros
502 _aTesis
590 _aALEPH
_b10
_c20130110
_lUCH01
_h1443
590 _aBATCH-UPD
_b10
_c20130110
_lUCH01
_h2331
590 _aBATCH-UPD
_b10
_c20130410
_lUCH01
_h1620
590 _aBATCH-UPD
_b10
_c20130914
_lUCH01
_h2104
590 _aCONVERSION
_b10
_c20130109
_lUCH01
_h1347
901 _aBK
999 _c84510
_d84510